[Event "XIV Figueira da Foz Open 2020"]
[Site "Figueira da Foz"]
[Date "2020.10.25"]
[Round "3.16"]
[White "Alshameary Puente, Ismael"]
[Black "Costa, Joao Guerra"]
[Result "1-0"]
[WhiteElo "2373"]
[BlackElo "2150"]
[Annotator "TA"]
[PlyCount "59"]
[EventDate "2020.10.24"]
[EventType "swiss"]
[EventCountry "POR"]
[SourceTitle "playchess.com"]
[Source "ChessBase"]
[SourceQuality "1"]

{[%evp 14,58,37,20,68,53,88,91,133,115,390,389,373,375,401,368,458,444,457,407,389,408,437,412,385,391,622,590,686,674,974,926,1131,845,29971,29972,29966,29958,29981,29982,29994,29994,29996,29997,29997,29998,29999]} 1. d4 d5 2. c4 c6 3. Nf3 Nf6 4. Nc3 e6 5. e3 Bb4 6. Bd3 O-O 7. Qc2 Nbd7 8. O-O Nb6 {D46: Semi-Slav: 5 e3 Nbd7 6 Bd3, Black avoids the Meran.} 9. b3 {[#]} dxc4 $146 ({Predecessor:} 9... Re8 10. c5 Nbd7 11. a3 Ba5 12. Bb2 g6 13. b4 Bc7 14. e4 dxe4 15. Nxe4 Nxe4 16. Bxe4 {1-0 (48) Gomez,A-Adams,M LSS email 2007}) 10. bxc4 Qc7 {White is better.} 11. c5 Bxc3 $4 {[%mdl 8192] [#]} (11... Nbd7 $16) 12. cxb6 $18 ({Less strong is} 12. Qxc3 Nbd7 $16) 12... axb6 13. Qxc3 Nd5 14. Qc2 g6 15. Qd2 c5 16. dxc5 bxc5 17. e4 c4 18. exd5 cxd3 19. Qxd3 exd5 (19... Rd8 $142 20. Bb2 Rxd5) 20. Bh6 Qc5 21. Rac1 Qb4 22. Qe3 {Strongly threatening Qe5.} Qe4 23. Bxf8 {White wants to mate with Qh6.} Kxf8 24. Qh6+ {[%mdl 64] [#] Double Attack. White mates.} Ke7 25. Rfe1 Qxe1+ 26. Rxe1+ Kd6 27. Qf4+ Kc5 28. Qc7+ Kb5 29. Rb1+ Ka6 30. Qb6# {Black did not feel at home in the position after the opening. Av CentiPawn Loss W=-28/B=-79. Weighted=-22/-113} 1-0

[Event "XIV Figueira da Foz Open 2020"]
[Site "Figueira da Foz"]
[Date "2020.10.25"]
[Round "3.17"]
[White "Guerreiro, Nuno"]
[Black "Morais, Mario Martins Freita"]
[Result "1/2-1/2"]
[WhiteElo "2079"]
[BlackElo "1808"]
[Annotator "TA"]
[PlyCount "87"]
[EventDate "2020.10.24"]
[EventType "swiss"]
[EventCountry "POR"]
[SourceTitle "playchess.com"]
[Source "ChessBase"]
[SourceQuality "1"]

{[%evp 14,87,10,-7,17,-35,19,8,44,35,61,54,52,64,77,77,74,42,68,56,70,24,78,96,102,15,12,15,25,31,22,13,13,0,0,0,0,0,0,0,0,0,0,0,0,0,0,0,0,0,21,16,15,5,5,0,0,0,13,0,0,0,0,0,0,0,0,0,0,0,0,0,0,0,0,0]} 1. Nf3 g6 2. c4 Bg7 3. g3 c6 4. Bg2 d5 5. Qc2 Nf6 6. O-O O-O 7. d3 b6 8. Nbd2 Bb7 {A11: English Opening: 1...c6.} 9. Rb1 {[#]} (9. b4 $11) 9... Na6 $146 (9... Nbd7 $15) ({Predecessor:} 9... c5 10. b4 cxb4 11. Rxb4 Na6 12. Rb1 dxc4 13. Nxc4 Nc5 14. Ba3 Rc8 15. Bxc5 Rxc5 16. Qa4 {0-1 (65) Pousette,G (2137)-Andersson,G (2238) Sweden 2001}) 10. b4 $11 Rc8 11. Qa4 dxc4 12. dxc4 Qc7 13. Bb2 Nd7 14. Bxg7 Kxg7 15. Rfd1 Ra8 16. Ne4 Rfd8 17. Qc2 f6 (17... Nf6 $11) 18. Nd4 $16 Nf8 19. b5 (19. a3 $16) 19... cxb5 $11 20. Nxb5 Rxd1+ 21. Rxd1 Qe5 22. f4 {The position is equal.} Qf5 23. Nd4 Qc8 24. Qc3 Nc5 25. Qa3 Kf7 26. Nxc5 Bxg2 27. Kxg2 {[#] And now Na4 would win.} bxc5 28. Nb3 Qe6 29. Kf2 Qxc4 30. Nxc5 Rc8 31. Nb3 a6 32. Rc1 Qe6 33. Rxc8 Qxc8 34. Nc5 Qc6 35. Nxa6 Qh1 36. h4 Qh2+ 37. Ke1 Qg1+ 38. Kd2 Qd4+ 39. Kc2 Qc4+ 40. Kd2 Qd4+ 41. Qd3 Qb2+ 42. Qc2 Qd4+ 43. Kc1 Qa1+ 44. Kd2 {Av CentiPawn Loss W=-7/B=-7. Weighted=-9/-10} 1/2-1/2

[Event "XIV Figueira da Foz Open 2020"]
[Site "Figueira da Foz"]
[Date "2020.10.25"]
[Round "3.18"]
[White "Marcal, Armando Paulo Gomes"]
[Black "Fernandes, Rui Miguel"]
[Result "1/2-1/2"]
[WhiteElo "1652"]
[BlackElo "1027"]
[Annotator "NA RC"]
[PlyCount "88"]
[EventDate "2020.10.24"]
[EventType "swiss"]
[EventCountry "POR"]
[SourceTitle "playchess.com"]
[Source "ChessBase"]
[SourceQuality "1"]
[TimeControl "40/5400+30:1800+30"]

1. e4 {[%emt 0:02:51]} c6 {[%emt 0:00:00]} 2. d4 {[%emt 0:00:18]} d5 {[%emt 0:00:13]} 3. e5 {[%emt 0:00:11]} Bf5 {[%emt 0:00:13]} 4. g4 {[%emt 0:00:56]} Bg6 {[%emt 0:00:48]} 5. h4 {[%emt 0:02:09]} h5 {[%emt 0:01:14]} 6. g5 {[%emt 0:01:58]} e6 {[%emt 0:00:33]} 7. Nd2 {[%emt 0:01:54]} c5 {[%emt 0:00:47]} 8. c3 {[%emt 0:04:17]} cxd4 {[%emt 0:00:45]} 9. cxd4 {[%emt 0:04:48]} Bb4 {[%emt 0:00:25]} 10. Bb5+ {[%emt 0:08:29]} Nc6 {[%emt 0:02:55]} 11. Qa4 {[%emt 0:12:15]} Bxd2+ {[%emt 0:05:51]} 12. Bxd2 {[%emt 0:00:42]} Nge7 {[%emt 0:00:18]} 13. Ne2 {[%emt 0:02:20]} O-O {[%emt 0:01:29]} 14. Rc1 {[%emt 0:04:54]} Qb6 {[%emt 0:01:21]} 15. Bxc6 {[%emt 0:03:03]} Nxc6 {[%emt 0:03:13]} 16. Rh3 {[%emt 0:00:23]} Qxb2 {[%emt 0:04:21]} 17. Kd1 {[%emt 0:10:27]} Qb6 {[%emt 0:03:29]} 18. Rb3 {[%emt 0:00:55]} Qc7 {[%emt 0:03:50]} 19. Bb4 {[%emt 0:01:18]} Rfc8 {[%emt 0:02:37]} 20. Bd6 {[%emt 0:01:40]} Qa5 {[%emt 0:02:59]} 21. Qxa5 {[%emt 0:04:49]} Nxa5 {[%emt 0:00:13]} 22. Rxc8+ {[%emt 0:04:24]} Rxc8 {[%emt 0:00:14]} 23. Rc3 {[%emt 0:02:06]} Nc4 {[%emt 0:02:31]} 24. Ke1 {[%emt 0:04:18]} b5 {[%emt 0:00:32]} 25. a3 {[%emt 0:01:16]} f5 {[%emt 0:01:41]} 26. Bc5 {[%emt 0:01:26]} a5 {[%emt 0:02:00]} 27. Nf4 {[%emt 0:00:20]} Bf7 {[%emt 0:00:54]} 28. g6 {[%emt 0:00:30]} Be8 {[%emt 0:03:41]} 29. Nxe6 {[%emt 0:01:57]} Bxg6 {[%emt 0:04:05]} 30. Nf4 {[%emt 0:00:37]} Bf7 {[%emt 0:00:48]} 31. e6 {[%emt 0:00:39]} Re8 {[%emt 0:02:12]} 32. e7 {[%emt 0:00:52]} Nb2 {[%emt 0:05:27]} 33. Bd6 {[%emt 0:04:33]} Nc4 {[%emt 0:04:03]} 34. Bc5 {[%emt 0:00:46]} Rc8 {[%emt 0:01:46]} 35. Nd3 {[%emt 0:00:34]} Be8 {[%emt 0:01:22]} 36. Ke2 {[%emt 0:01:23]} Rc6 {[%emt 0:01:11]} 37. Nf4 {[%emt 0:00:22]} Nb2 {[%emt 0:03:06]} 38. Nxd5 {[%emt 0:02:56]} Na4 {[%emt 0:01:15]} 39. Rc1 {[%emt 0:03:35]} Nxc5 {[%emt 0:00:10]} 40. Rxc5 {[%emt 0:00:00]} Rxc5 {[%emt 0:00:00]} 41. dxc5 {[%emt 0:01:49]} Kf7 {[%emt 0:02:11]} 42. Kd3 {[%emt 0:01:57]} Bc6 {[%emt 0:02:43]} 43. Nc7 {[%emt 0:01:24]} Kxe7 {[%emt 0:00:52]} 44. Kd4 {[%emt 0:00:34]} Kf6 {[%emt 0:01:36]} 1/2-1/2

[Event "XIV Figueira da Foz Open 2020"]
[Site "Figueira da Foz"]
[Date "2020.10.26"]
[Round "4.1"]
[White "Cumming, Rhys"]
[Black "Batsiashvili, Nino"]
[Result "0-1"]
[WhiteElo "2299"]
[BlackElo "2467"]
[Annotator "TA"]
[PlyCount "74"]
[EventDate "2020.10.24"]
[EventType "swiss"]
[EventCountry "POR"]
[SourceTitle "playchess.com"]
[Source "ChessBase"]
[SourceQuality "1"]

{[%evp 9,74,4,25,-56,-53,-51,-8,-16,45,0,8,-14,-14,-10,9,13,15,2,11,7,29,-4,-8,-20,0,-20,-13,-49,-33,-52,-12,-316,-22,-21,-20,-41,-39,-52,-47,-58,-49,-87,-77,-70,-25,-76,-68,-183,-177,-199,-192,-197,-197,-218,-240,-132,-129,-189,-190,-429,-431,-404,-380,-847,-822,-895,-868]} 1. e4 e5 2. Nf3 Nc6 3. Nc3 Nf6 4. Bb5 Nd4 5. Bc4 d6 6. d3 {C48: Four Knights: 4 Bb5, replies other than 4...Bb4.} (6. Nxd4 $11 exd4 7. Nd5) 6... Bg4 $1 $15 7. Be3 Nxf3+ (7... Bxf3 {with more complications.} 8. gxf3 c6 9. f4 b5 10. Bb3 a5) 8. gxf3 {[#] The position is equal.} Be6 $146 (8... Bh5 $11) ({Predecessor:} 8... Bh5 9. d4 Be7 10. dxe5 dxe5 11. Qxd8+ Bxd8 12. Be2 c6 13. O-O-O Ba5 14. Na4 Nxe4 {0-1 (39) Martin,R (1929)-Kololli,K (2198) Osnabrueck 2015}) 9. Bxe6 fxe6 10. f4 exf4 11. Bxf4 e5 12. Bg5 Be7 13. Rg1 c6 14. Qe2 b5 15. Nd1 g6 16. Bh6 Nh5 17. Qg4 Qd7 18. Ne3 Bf8 19. Bg5 h6 20. Qxd7+ Kxd7 21. Bh4 Nf4 (21... g5 $5 22. Bg3 $8 Be7 $11) 22. a4 b4 23. Bg3 Nh3 $36 {[%mdl 2048] Black has the initiative.} 24. Rf1 h5 {White must now prevent ...h4.} 25. Ng2 Be7 {aiming for ...h4.} 26. f3 Rhf8 27. Ke2 (27. f4 $11) 27... Rf7 $17 28. f4 {[#]} ({White should try} 28. Bf2 $15) 28... h4 $1 $19 {[%cal Rh4g3][%mdl 512]} 29. Bxh4 (29. Nxh4 Bxh4) 29... Bxh4 30. Nxh4 Nxf4+ 31. Kd2 Rh8 32. Nf3 Rh3 33. Rae1 (33. d4 $17) 33... Ke8 34. Re3 $2 (34. Rf2 {is a better defense.} Nxd3 35. cxd3 Rfxf3 36. Rxf3 Rxf3 37. Re3 Rf2+ 38. Re2) 34... Ne6 35. c3 g5 36. Ke2 $2 (36. Ne1 Rxh2+ 37. Re2) 36... g4 37. Nd2 Nf4+ {Av CentiPawn Loss W=-39/B=-12. Weighted=-65/-10} 0-1

[Event "XIV Figueira da Foz Open 2020"]
[Site "Figueira da Foz"]
[Date "2020.10.26"]
[Round "4.2"]
[White "Janik, Igor"]
[Black "Garcia Dorado, Alberto"]
[Result "1-0"]
[WhiteElo "2489"]
[BlackElo "2181"]
[Annotator "TA"]
[PlyCount "84"]
[EventDate "2020.10.24"]
[EventType "swiss"]
[EventCountry "POR"]
[SourceTitle "playchess.com"]
[Source "ChessBase"]
[SourceQuality "1"]

{[%evp 18,84,-8,-10,-10,-13,8,0,0,-14,-19,0,0,0,0,-20,-19,-19,-19,-39,0,-37,-20,-19,0,-67,-62,-69,56,54,49,56,54,35,25,32,31,0,0,-48,-41,-47,-55,-60,0,-49,66,44,55,62,597,18,20,22,65,54,55,60,157,132,180,142,275,280,388,381,571,518,512]} 1. c4 e6 2. Nf3 d5 3. g3 dxc4 4. Qa4+ Nd7 5. Qxc4 a6 6. Bg2 b5 7. Qc2 Bb7 8. O-O c5 9. b3 {has lost popularity (9.a4).} Ngf6 10. Bb2 Rc8 {A13: English Opening: 1...e6.} 11. d3 Bd6 12. a4 O-O {The position is equal.} 13. Nbd2 Nd5 14. Rfc1 Re8 {[#]} 15. Qd1 $146 ({Predecessor:} 15. Ne4 Be7 16. Nc3 Qb6 17. Qd1 Nb4 18. Qd2 Red8 19. Qf4 h6 20. h4 Bf6 21. Nd1 Bxb2 22. Nxb2 {0-1 (40) Bucher,R (2080)-Klovans,J (2462) Triesen 2003}) 15... Be7 16. e4 Nb4 17. Qe2 Qb6 18. h4 Qd6 19. Ne1 e5 20. Bh3 Rcd8 21. Nf1 (21. Ba3 $11) 21... Nb8 $15 22. Ne3 Bf6 (22... Nxd3 $2 23. Rd1 $18) (22... Bf8 $15) 23. Nf5 $1 $14 {[%cal Rf5d6]} Qb6 24. Qe3 Nd7 25. axb5 axb5 26. Ba3 Na6 $1 27. Rc2 h5 28. Qf3 g6 29. Ne3 Bg7 30. Rac1 {[#]} f5 $1 {[%mdl 512]} 31. Qe2 (31. Nxf5 $5 gxf5 32. Bxf5 $11) (31. exf5 Bxf3) 31... fxe4 (31... f4 $1 $15 32. Nd5 Bxd5 33. exd5 fxg3) 32. dxe4 Bxe4 33. Nc4 $1 {[%cal Rc4b6]} Qb7 $2 {[%mdl 8192]} ({Black should try} 33... Qc6 $14 34. Rd2 Ndb8) 34. Na5 $2 (34. Nd6 $18 Qc6 35. Nxe4) 34... Qa8 $1 $11 35. Rd2 Nf6 {Strongly threatening ...Bh6.} 36. Rxd8 Rxd8 37. Qxb5 Bh6 {[#]} (37... Ng4 $14) 38. Ra1 $1 $16 Rb8 39. Qc4+ Kg7 {[#]} (39... Kh7 $16) 40. Bb2 $1 $18 Bd5 41. Qe2 Nb4 (41... Kh7 $142 42. Nc4 (42. Bxe5 Re8 $18) (42. Qxe5 Bg7 $18) 42... Bg7) 42. Qxe5 Rf8 {Av CentiPawn Loss W=-31/B=-46. Weighted=-53/-55} 1-0

[Event "XIV Figueira da Foz Open 2020"]
[Site "Figueira da Foz"]
[Date "2020.10.26"]
[Round "4.3"]
[White "Dias, Paulo"]
[Black "Martin Duque, Jesus"]
[Result "1/2-1/2"]
[WhiteElo "2338"]
[BlackElo "2426"]
[Annotator "TA"]
[PlyCount "56"]
[EventDate "2020.10.24"]
[EventType "swiss"]
[EventCountry "POR"]
[SourceTitle "playchess.com"]
[Source "ChessBase"]
[SourceQuality "1"]

{[%evp 24,56,-13,-20,-10,-20,-22,-40,-10,0,9,7,47,18,132,31,56,0,117,109,125,115,126,127,185,185,133,0,0,0,0,0,0,0,0]} 1. d4 Nf6 2. c4 b6 3. Nc3 Bb7 4. Nf3 e6 5. Bg5 h6 6. Bh4 Be7 7. e3 O-O 8. Bd3 c5 9. O-O Nc6 10. Rc1 cxd4 11. exd4 d5 12. cxd5 Nxd5 13. Bg3 Rc8 {D59: Queen's Gambit Declined: Tartakower Defence: Main line (8 cxd5 Nxd5).} 14. Re1 Na5 {[#]} 15. Qe2 $146 ({Predecessor:} 15. Bb1 Nxc3 16. Rxc3 Qd5 17. Qc2 f5 18. a3 b5 19. h3 Rxc3 20. Qxc3 Nc4 21. Re2 {½-½ (38) Borodin,S (2128)-Hesse,O (2388) ICCF email 2015}) 15... Nxc3 {Black is slightly better.} 16. bxc3 Bd6 17. Ne5 Qc7 18. Qh5 f5 {[#]} (18... Nc6 $11) 19. c4 (19. Ng6 $1 $16 Rfe8 20. Bb5 (20. Bxd6 Qxd6 21. Re3 Qc7 $16)) 19... Nc6 20. Nxc6 (20. Nf3 $1 $14) 20... Bxg3 (20... Qxc6 $11 {remains equal.} 21. Qh3 Bb4) 21. d5 ({But not} 21. hxg3 $6 Qxc6 22. Bf1 Rcd8 $11) 21... Bxc6 22. hxg3 Be8 23. Qf3 e5 (23... Qc5 $16 {was worth a try.}) 24. Bxf5 $18 {Black must now prevent Be6+.} Bd7 {[#]} 25. g4 (25. d6 $1 $16 Qc5 26. Bxd7 Rxf3 27. gxf3) 25... g6 $1 $36 {[%cal Rg6f5][%mdl 2048] Black fights for an advantage.The position is equal.} 26. d6 Qc5 27. Qb7 Rcd8 28. Bxd7 Qxf2+ {Av CentiPawn Loss W=-23/B=-23. Weighted=-28/-32} 1/2-1/2

[Event "XIV Figueira da Foz Open 2020"]
[Site "Figueira da Foz"]
[Date "2020.10.26"]
[Round "4.4"]
[White "Djuric, Stefan"]
[Black "Santos, Jose Guilherme B Lim"]
[Result "1/2-1/2"]
[WhiteElo "2358"]
[BlackElo "2229"]
[Annotator "TA"]
[PlyCount "70"]
[EventDate "2020.10.24"]
[EventType "swiss"]
[EventCountry "POR"]
[SourceTitle "playchess.com"]
[Source "ChessBase"]
[SourceQuality "1"]

{[%evp 21,70,39,42,29,32,8,8,0,52,48,56,42,54,62,54,58,56,33,33,25,18,22,36,35,59,70,145,17,17,17,20,15,18,0,0,-24,-2,-60,0,-19,-19,-19,-19,-27,-6,-6,-6,-6,-6,-13,0]} 1. d4 Nf6 2. c4 e6 3. Nf3 Bb4+ 4. Bd2 Qe7 5. g3 b6 6. Bg2 Bb7 7. O-O Bxd2 8. Qxd2 O-O 9. Nc3 d5 10. cxd5 exd5 11. Rac1 Nbd7 12. Qf4 {E16: Queen's Indian: 4 g3 Bb7 5 Bg2 Bb4+.} c6 {[#]} 13. a3 $146 ({Predecessor:} 13. Rfe1 Qd8 14. Nd2 Re8 15. e4 Nf8 16. e5 Ne6 17. Qe3 Ng4 18. Qd3 Nh6 19. Nf1 a5 {1-0 (46) Gunina,V (2431)-Nechaeva,M (2377) Sochi 2020}) 13... Rfe8 14. Rfe1 a6 (14... Ne4 $11) 15. Nh4 $14 g6 16. e4 dxe4 17. Nxe4 {[#] Black must now prevent Qc7.} Nd5 18. Qd2 {Nc5 is the strong threat.} Qf8 19. Nc3 Nxc3 20. Qxc3 Rxe1+ 21. Rxe1 Qd6 22. Qb3 Rb8 23. Nf3 Qf6 (23... Nf6 $14) 24. Qe3 ({White should try} 24. Ne5 $16 Qe7 25. Bh3 Nxe5 26. dxe5 (26. Rxe5 Qc7 $14)) 24... c5 $11 25. Ne5 Nxe5 26. dxe5 Qe6 27. Bxb7 Rxb7 {[%mdl 4096] Endgame KQR-KQR} 28. Qd3 b5 29. h4 (29. Qd6 $11) 29... h5 (29... Rd7 $15 30. Qe4 Kg7) 30. Qc3 c4 31. Rd1 Re7 32. Rd8+ Kh7 33. f4 {The position is equal.} Rd7 34. Rxd7 Qxd7 35. Kf2 Qd1 {Av CentiPawn Loss W=-13/B=-12. Weighted=-20/-14} 1/2-1/2

[Event "XIV Figueira da Foz Open 2020"]
[Site "Figueira da Foz"]
[Date "2020.10.26"]
[Round "4.5"]
[White "Tadevosyan, Aspet"]
[Black "Grigoryan, Karen H."]
[Result "0-1"]
[WhiteElo "2136"]
[BlackElo "2658"]
[Annotator "TA"]
[PlyCount "56"]
[EventDate "2020.10.24"]
[EventType "swiss"]
[EventCountry "POR"]
[SourceTitle "playchess.com"]
[Source "ChessBase"]
[SourceQuality "1"]

{[%evp 21,56,43,27,-124,-124,-129,-129,-245,-229,-446,-34,-34,0,-75,-67,-69,-46,-204,-201,-314,-311,-302,-318,-306,-302,-282,-209,-375,-379,-424,-404,-424,-428,-837,-819,-783,-742]} 1. d4 Nf6 2. c4 g6 3. Nc3 d5 4. Bf4 Bg7 5. e3 O-O 6. Rc1 c5 7. dxc5 Be6 8. Nf3 Nc6 9. Ng5 Qa5 10. Be2 Rad8 11. Nxe6 fxe6 12. O-O $2 {D92: Grünfeld: 4 Nf3 Bg7 5 Bf4.} ({Better is} 12. Qa4 $1 $11 Qxa4 13. Nxa4) 12... d4 $1 $17 {[%cal Rd4c3]} 13. Nb5 {Black must now prevent Bc7.} dxe3 {[%mdl 64] [#] Discovered Attack} 14. Qb3 $146 (14. Qe1 $17) ({Predecessor:} 14. Qe1 Qxe1 15. Rcxe1 exf2+ 16. Rxf2 Ne4 17. Rff1 Bxb2 18. Be3 a6 19. Rxf8+ Kxf8 20. Bf3 {½-½ (43) Huuskonen,V-Enroth,J Finland 1988}) 14... exf2+ $19 15. Rxf2 $2 (15. Kh1 {only move.} Ne4 16. Qe3) 15... e5 $2 (15... Ne4 $19 16. Rf3 Rxf4 $1 {[%mdl 576] Decoy} 17. Rxf4 Qd2 {[%mdl 64] Double Attack} 18. Rxe4 Qxc1+ 19. Bf1 a6) 16. Be3 $15 Rd7 17. Qa3 (17. Bf3 $11 {keeps the balance.}) 17... Qxa3 $17 18. Nxa3 Nd4 $36 {[%mdl 2048] Black is pushing.} 19. Nb5 $2 {[#] This move loses the game for White.} ({White should try} 19. Re1 $15) 19... Nf5 $1 $19 {[%cal Rf5e3]} 20. Rf3 (20. Rc3 $142) 20... Nxe3 21. Rxe3 Bh6 22. Rcc3 Bxe3+ 23. Rxe3 e4 24. Nxa7 $2 (24. Rb3) 24... Ra8 25. c6 bxc6 26. Nxc6 Rxa2 {Black is clearly winning.} 27. b4 (27. Rb3 $142) 27... Rdd2 {( -> ...Ng4)} 28. Bf1 Ra1 {Av CentiPawn Loss W=-87/B=-37. Weighted=-91/-53} 0-1

[Event "XIV Figueira da Foz Open 2020"]
[Site "Figueira da Foz"]
[Date "2020.10.26"]
[Round "4.6"]
[White "Santos, Antonio P"]
[Black "Taboas Rodriguez, Daniel"]
[Result "1/2-1/2"]
[WhiteElo "2123"]
[BlackElo "2365"]
[Annotator "TA"]
[PlyCount "57"]
[EventDate "2020.10.24"]
[EventType "swiss"]
[EventCountry "POR"]
[SourceTitle "playchess.com"]
[Source "ChessBase"]
[SourceQuality "1"]

{[%evp 26,57,-43,-50,-41,-35,0,0,33,28,32,-30,19,0,0,0,0,0,0,0,0,0,0,0,0,0,0,0,0,0,0,0,0,0]} 1. d4 Nf6 2. c4 g6 3. Nc3 Bg7 4. e4 d6 5. Be2 O-O 6. Bg5 Nbd7 7. Nf3 e5 8. d5 h6 9. Bh4 g5 10. Bg3 Nh5 11. h4 g4 12. Nh2 Nxg3 13. fxg3 h5 14. O-O Nc5 {E93: King's Indian: Classical: Petrosian System with 7...Nbd7.} 15. b4 Na6 16. a3 f5 17. exf5 $1 Bxf5 {[#] Strongly threatening ...e4.} 18. Rc1 $146 ({Better is} 18. Bd3 $14 e4 19. Bxe4 Bxe4 20. Nxe4) ({Predecessor:} 18. Qd2 Qe7 19. Rae1 Rae8 20. Bd1 Nb8 21. Bc2 Bxc2 22. Qxc2 Rxf1+ 23. Nxf1 Rf8 24. Ne3 Nd7 25. Nf5 Qf7 26. Rf1 Nf6 27. Ne4 Kh8 28. Ng5 Qg6 29. Qf2 {1-0 (29) Mueller-Mittag,L DDR 1984}) 18... Bh6 (18... e4 {looks sharper.} 19. c5 dxc5 20. Bxa6 bxa6 21. bxc5 Qf6) 19. Rxf5 {The position is equal.} Rxf5 {[#]} 20. Bxg4 $1 {[%mdl 512]} hxg4 21. Qxg4+ Kh8 22. Qxf5 Bxc1 23. Qh5+ Kg7 {[#] aiming for ...Qf6.} 24. Qg4+ Kf8 {White must now prevent ...Qe7.} 25. Qf5+ Kg7 {And now ...Qe8 would win.} 26. Qg4+ Kh7 {Hoping for ...Qg8.} (26... Kh8 $5 27. Qh5+ $8 Kg8 28. Qg4+ Kh8 29. Qh5+ $11) 27. Qh5+ Kg7 28. Qg4+ Kh8 {Threatens to win with ...Qg8.} (28... Kf8 $5 29. Qf5+ $8 Ke8 30. Qh5+ Kf8 31. Qf5+ $11) 29. Qh5+ {Av CentiPawn Loss W=-5/B=-8. Weighted=-6/-10} 1/2-1/2

[Event "XIV Figueira da Foz Open 2020"]
[Site "Figueira da Foz"]
[Date "2020.10.26"]
[Round "4.7"]
[White "Pintor, Simao Maciel Abranch"]
[Black "Loeffler, Stefan"]
[Result "1/2-1/2"]
[WhiteElo "2115"]
[BlackElo "2352"]
[Annotator "TA"]
[PlyCount "119"]
[EventDate "2020.10.24"]
[EventType "swiss"]
[EventCountry "POR"]
[SourceTitle "playchess.com"]
[Source "ChessBase"]
[SourceQuality "1"]

{[%evp 14,119,51,48,70,63,77,79,81,67,91,90,75,87,145,154,162,67,58,-19,-26,-22,-42,-21,64,59,104,75,89,91,192,192,304,310,328,338,343,314,298,279,275,252,257,196,183,0,0,-50,-50,-50,-40,-37,-38,-58,-68,-88,-74,-70,-67,-70,-63,-88,-83,-76,-29,-31,-29,-36,-22,-103,-31,-41,-33,-45,-35,-56,-18,-18,-18,-19,-18,-26,-25,-30,-30,-29,-20,-24,-25,-22,-15,-38,-39,-42,-9,-9,-9,-9,-8,-9,0,0,0,0,0,0,20,0]} 1. Nf3 c5 2. c4 g6 3. g3 b6 4. Bg2 Bb7 5. Nc3 Bg7 6. O-O Nc6 7. e3 Nh6 8. d4 Nf5 {A37: Symmetrical English vs ...g6: 4 Bg2 Bg7 5 Nf3.} 9. d5 Na5 10. Qd3 Nd6 {White is better.} 11. b3 b5 12. cxb5 a6 13. b6 Qxb6 ({Black should play} 13... c4 14. bxc4 Naxc4) 14. Rb1 $16 {[#]} O-O $146 ({Predecessor:} 14... Qb4 15. Bb2 c4 16. bxc4 Qxc4 17. Rfd1 Qxd3 18. Rxd3 Nac4 19. Ba1 O-O 20. Nd4 Rfc8 {½-½ (30) Yabiansky,M-Celis,G Buenos Aires 1992}) 15. Na4 (15. Ba3 $18) 15... Qb5 $14 16. Rd1 ({Better is} 16. Qd1 $14) 16... c4 $11 17. Qc2 cxb3 18. axb3 {Strongly threatening Bf1.} Rac8 ({Black should try} 18... Bxd5 $11 19. Nd4 Bxd4 20. Bxd5 Qxd5 21. Rxd4 Qe6) 19. Qd3 $14 f5 20. Nd4 $36 {[%mdl 2048] White has strong initiative.} Qxd3 21. Rxd3 {aiming for Bd2.} Ne4 (21... Ba8 $16) 22. f3 $18 Bxd4 (22... Bxd5 $142 23. fxe4 Bxe4 24. Bxe4 fxe4) 23. fxe4 fxe4 24. Bxe4 ({Resist} 24. Rxd4 Rxc1+ 25. Rxc1 Nxb3 $18) 24... Be5 25. Bd2 Bc7 26. Rc3 Bd8 27. Nc5 $1 Bb6 28. Nxd7 Rxc3 29. Bxc3 $2 (29. Nxb6 $18 Rxb3 30. Bxa5 Rxe3 31. Nd7) 29... Bxe3+ $11 30. Kh1 (30. Kg2 $5 {[%cal Rd7f8]} Rf2+ 31. Kh1 $11) 30... Rd8 31. Re1 Rxd7 32. Rxe3 Nxb3 33. Bb4 Nd4 34. Bc5 e5 35. dxe6 Nxe6 36. Bxb7 Nxc5 $17 {[%mdl 4096] Endgame KRB-KRN} 37. Bc8 Rc7 38. Bg4 a5 39. Re8+ $1 Kg7 40. Ra8 $1 Ne4 {...Nf2+ is the strong threat.} 41. Be6 {[#]} (41. Bf3 $11 {keeps the balance.} Ng5 42. Be2) 41... Rc5 (41... a4 $1 $17 {[%mdl 512]} 42. Ra5 (42. Rxa4 Nc5) 42... Rc1+ 43. Kg2 Rc2+ 44. Kg1 Nc3) 42. Bb3 g5 43. Kg2 h5 44. h3 Rb5 45. Ba4 Rf5 46. Ra7+ Kf6 47. Ra6+ Ke7 48. Bc6 Nf6 49. Bf3 Rc5 50. Kf2 Rc2+ 51. Ke3 Rc3+ 52. Kf2 Ra3 53. g4 h4 {Threatens to win with ...Nd7.} 54. Ra7+ {The position is equal.} Kf8 55. Rb7 Ra2+ 56. Ke3 $1 Rh2 57. Rb5 Nh7 58. Rb8+ Kg7 59. Rb7+ Kh6 60. Rb6+ {Blacks defense is rewarded with a draw. Av CentiPawn Loss W=-15/B=-13. Weighted=-19/-16} 1/2-1/2